LEADER 00869nam2-22003131i-450- 001 990002021650403321 005 20090325134441.0 035 $a000202165 035 $aFED01000202165 035 $a(Aleph)000202165FED01 035 $a000202165 100 $a20030910d1955----km-y0itay50------ba 101 0 $aeng 200 1 $aFulgoroidea$fZ. P. Metcalf 210 $aRaleigh$cNorth Carolina State College$d1955 215 $a74 p.$d23 cm 327 0 $a17.: Lophopidae 461 0$1001000203009$12001$aGeneral catalogue of the Hemiptera$v4 610 0 $aFulgoroidea 610 0 $aRhynchota Homoptera 676 $a595.752 700 1$aMetcalf,$bZeno P.$085747 801 0$aIT$bUNINA$gRICA$2UNIMARC 901 $aBK 912 $a990002021650403321 952 $a61 IV F.7/06.4.17$b2062$fDAGEN 959 $aDAGEN 996 $aFulgoroidea$9405199 997 $aUNINA LEADER 01200nam--2200385---450- 001 990002927780203316 005 20070518105628.0 010 $a978-88-04-54242-1 035 $a000292778 035 $aUSA01000292778 035 $a(ALEPH)000292778USA01 035 $a000292778 100 $a20070518d2006----km-y0itay50------ba 101 0 $aita 102 $aIT 105 $aa|||||||001yy 200 1 $aAutodesk inventor professional 11$ela grande guida$fEdoardo Pruneri 210 $a[Segrate]$cMondadori informatica$d2006 215 $a729 p.$cill.$d24 cm$e1 CD-ROM 225 2 $aGrafica 410 0$12001$aGrafica 517 1 $aInventor professional 11 606 0 $aDisegno tecnico$xProgrammi per microelaboratori 606 0 $aMicroelaboratori elettronici$xProgrammi AutoCAD 676 $a620.004202856693 700 1$aPRUNERI,$bEdoardo$0503017 801 0$aIT$bsalbc$gISBD 912 $a990002927780203316 951 $a620.0042 PRU$b20103 Ing.$c620.0042$d00158520 959 $aBK 969 $aTEC 979 $aANNAMARIA$b90$c20070518$lUSA01$h1052 979 $aANNAMARIA$b90$c20070518$lUSA01$h1056 996 $aAutodesk inventor professional 11$91030267 997 $aUNISA